| 000 | 00803nam a22002411 4500 | ||
|---|---|---|---|
| 001 | 26596 | ||
| 003 | BD-RjUL | ||
| 005 | 20211209051035.0 | ||
| 008 | 140323s1967 pk abc 001 0aeng | ||
| 035 | _a(BD-RjUL)26666 | ||
| 040 |
_aDLC _cDLC _dDLC _dBD-RjUL _beng |
||
| 041 | _aeng | ||
| 082 | 0 | 0 |
_a954.9040924 _bKHF 1967 |
| 100 | 2 |
_a Khan, Mohammad Ayub, _d1907-1974. _981778 |
|
| 245 | 1 | 0 |
_aFriends not Masters : _ba political autobiography / _cMohammad Ayub Khan. |
| 260 |
_aLondon; _aLahore: _bOxford University Press, _c1967. |
||
| 300 |
_axiv, 275 p. : _bill. ; _c24 cm. |
||
| 504 | _aIncludes index. | ||
| 600 | 1 | 0 |
_aAyub Khan, Mohammad, _d--1907-1974 _xBiography _9246715 |
| 650 | 0 |
_aPresidents _zPakistan _vBiography. _981780 |
|
| 651 | 0 |
_aPakistan _xPolitics and government. _981781 |
|
| 942 |
_2ddc _cBK |
||
| 999 |
_c26596 _d26596 |
||